000 00480cam a2200157 4500500
005 20260405002945.0
041 _afre
042 _adc
100 1 0 _aRégnier, Quentin
_eauthor
245 0 0 _aSprint / Octobre 2019
260 _c2019.
500 _a72
690 _aHeidegger
786 0 _nPhilosophie magazine | 133 | 10 | 2019-10-01 | p. 36-36 | 1951-1787
856 4 1 _uhttps://shs.cairn.info/magazine-philosophie-magazine-2019-10-page-36?lang=fr&redirect-ssocas=7080
999 _c2062922
_d2062922